Statistiken für Länder, die einen Buchstaben enthalten - S

Klicken Sie hier um das Quiz zu spielen!

Allgemein

  • Dieses Quiz wurde 515 mal gespielt
  • Das Durchschnittsergebnis liegt bei 59 aus 84

Antwortstatistiken

HinweisLand% Korrekt
1 x SSchweden
96%
1 x SSpanien
95%
1 x SVereinigte Staaten
91%
1 x SAustralien
89%
1 x SSchweiz
89%
1 x SSlowakei
89%
2 x SRussland
88%
1 x SSlowenien
88%
1 x SSüdafrika
88%
1 x SVereinigtes Königreich
87%
1 x SIsland
86%
1 x SBrasilien
85%
1 x SSerbien
85%
1 x SSudan
84%
1 x SSüdkorea
84%
1 x SDeutschland
83%
1 x SEstland
82%
1 x SNeuseeland
82%
2 x SUsbekistan
82%
2 x SKasachstan
81%
1 x SSan Marino
80%
2 x SSüdsudan
80%
2 x SKirgisistan
79%
1 x STurkmenistan
77%
1 x SBelarus
76%
1 x SSaudi-Arabien
76%
1 x SSeychellen
76%
1 x SIndonesien
75%
1 x SIsrael
75%
1 x SSenegal
75%
1 x SSomalia
75%
1 x SSyrien
75%
2 x STadschikistan
75%
2 x SAserbaidschan
74%
1 x SSingapur
74%
1 x SSt. Lucia
74%
1 x SAfghanistan
73%
1 x SBosnien und Herzegowina
73%
1 x SPakistan
73%
1 x SSambia
73%
1 x STschechien
73%
1 x SÖsterreich
72%
1 x SSri Lanka
72%
1 x SSt. Vincent und die Grenadinen
72%
1 x SSimbabwe
71%
3 x SSt. Kitts und Nevis
70%
1 x STunesien
70%
1 x SSuriname
68%
1 x SVereinigte Arabische Emirate
68%
1 x SLesotho
65%
1 x SSamoa
65%
1 x SSão Tomé und Príncipe
65%
1 x SMadagaskar
64%
1 x SLaos
63%
1 x SLiechtenstein
63%
1 x SBangladesch
62%
1 x SEswatini
62%
1 x SHonduras
62%
1 x SSierra Leone
62%
1 x STschad
62%
1 x SDemokratische Republik Kongo
61%
1 x SElfenbeinküste
61%
1 x SSalomonen
61%
1 x SEl Salvador
60%
1 x SKosovo
60%
1 x STansania
60%
1 x SCosta Rica
59%
2 x SFöderierte Staaten von Mikronesien
59%
1 x SZentralafrikanische Republik
59%
1 x SDominikanische Republik
58%
1 x SDschibuti
58%
1 x SFidschi
57%
1 x SKambodscha
57%
1 x SBahamas
56%
1 x SMalaysia
56%
1 x SBotswana
55%
2 x SMarshallinseln
54%
1 x SBarbados
53%
1 x SMauritius
53%
2 x SGuinea-Bissau
52%
1 x SMosambik
51%
1 x SOsttimor
50%
1 x SBurkina Faso
49%
1 x SVatikanstadt
45%

Verteilung der Resultate

Perzentil nach korrekt beantworteten Fragen

Anzahl Personen mit jedem Resultat

Ihre Resultats-Entwicklung

Sie haben dieses Quiz noch nicht gespielt